000 01797nam0a2200361 4500
001 RU\NLR\bibl\1858423
005 20260407104829.0
010 _a978-5-9914-0210-1
_9580
021 _aRU
_b2011-100916
_97227
035 _a(nilc)RSL-KNO-005366351
035 _a(NLR Aleph) 001848340
090 _a2367264
_c2367264
100 _a20111226d2011 |||y0rusy50 ca
101 0 _arus
102 _aRU
105 _aa |||||||||
200 1 _aКраткий курс начертательной геометрии
_eучебное пособие
_fМ-во образования и науки Российской Федерации, Гос. образовательное учреждение высш. проф. образования "Ярославский гос. технический ун-т"
_g[П.В. Масленников и др.]
210 _aЯрославль
_cЯрославский гос. технический ун-т
_d2011
215 _a164 с.
_cил., табл.
_d29
320 _aБиблиогр.: с. 157 (24 назв.)
606 1 _aНачертательная геометрия
_jУчебные издания для высших учебных заведений
_9925394
_3RU\NLR\auth\6621184
686 _aВ181.19я73-1
_2rubbk
686 _aВ181.19я73-1
702 1 _4220
_aМасленников
_bП. В.
_cканд. техн. наук
_gПавел Васильевич
_9139650
_3RU\NLR\AUTH\770139685
712 0 2 _4570
_aЯрославский государственный технический университет
_3RU\NLR\AUTH\889935890
_9366641
801 0 _aRU
_bRuMoRKP
_c20111226
_grcr
801 1 _aRU
_bРГБ
_c20111226
801 2 _aRU
_bNLR
_c20120119
_grcr
942 _cBOOK
980 _aNB
980 _aNBR